000 00428nam a2200145Ia 4500
008 221007s9999 xx 000 0 und d
041 _aeng
082 _bSHE
100 _aShelar Dhanashree - 2K111153 & Prof. Geeta Jadhav - Guide
_9102266
245 _aStudy of Recruitment & Selection Procedure in Century Enka Ltd.
260 _c2013
_bPune University
_aPune
300 _a61p
520 _aJadhav Geeta
906 _bGeneral
999 _c69428
_d69428